Представление документа в формате RUSMARC

ПолеНазваниеЗначение
  Тип записи a
  Библиографический уровень a
001 Контрольный номер RU/CBS_UL/BASE/8dd61adeec65481c9595feac81d7b552
005 Дата корректировки 20260414150546.4
100 Данные общей обработки __
a Данные общей обработки 20260414 ||| 0rusy0189 ca
101 Язык документа 0_
a Язык текста rus
102 Страна публикации __
a Страна публикации RU
200 Заглавие и сведения об ответственности 1_
a Заглавие Третий глаз
e Сведения, относящиеся к заглавию [нужны ли водителю дополнительные нештатные приборы?]
f Первые сведения об ответственности М. Колодочкин, А. Ревин
300 Общие примечания __
a Общие примечания 16+
461 Уровень набора _0
1 2000
a За рулем
463 Уровень физической единицы _0
1 2000
a № 3
v С. 54-56 : фото
1 2101
d 2026
1 001RU/CBS_UL/BASE/0a9ad0c78bfa46c6a70124265e83ce14
606 Тематические рубрики 0_
a Основная рубрика Автомобили - Оборудование
610 Ключевые слова 0_
a Ключевые слова автомобильные приборы
610 Ключевые слова 0_
a Ключевые слова приборы автомобильные
610 Ключевые слова 0_
a Ключевые слова оборудование автомобилей
610 Ключевые слова 0_
a Ключевые слова автомобильное оборудование
686 Индексы других классификаций __
2 Код системы rubbk
a Классификационный индекс 39.33-048
700 Автор _1
a Фамилия Колодочкин
b Имя (инициалы) М.
701 Альтернативная интеллектуальная ответственность _1
a Фамилия Ревин
b Имя (инициалы) А.
801 Источник записи _0
a Страна RU
b Организация МБУК ЦБС г. Ульяновска
c Дата составления 20260414
g Правила каталогизации RCR
801 Источник записи _1
a Страна RU
b Организация МБУК ЦБС г. Ульяновска
c Дата составления 20260414
g Правила каталогизации RCR
901 Тип документа __
t Тип документа b
w Контрольный № источника RU/CBS_UL/BASE/0a9ad0c78bfa46c6a70124265e83ce14
909 Создатель записи __
a Создатель записи lib2